|
|
|
|
| LEADER |
01509nam a2200313 a 4500 |
| 001 |
12360863 |
| 003 |
BD-DhAAL |
| 005 |
20230918153541.0 |
| 008 |
090512t2000 bg b b 001 0 eng d |
| 010 |
|
|
|a \\\00411488
|
| 020 |
|
|
|a 9840515063
|
| 040 |
|
|
|a DLC
|c DLC
|d DLC
|d BD-DhAAL
|
| 082 |
0 |
0 |
|a 630.7205492
|2 21
|
| 100 |
1 |
|
|a Brammer, H.
|
| 245 |
1 |
0 |
|a Agroecological aspects of agricultural research in Bangladesh /
|c Hugh Brammer.
|
| 260 |
|
|
|a Dhaka :
|b Uniersity Press,
|c 2000.
|
| 300 |
|
|
|a xvii, 376 pages :
|b maps ;
|c 25 cm.
|
| 504 |
|
|
|a Includes bibliographical references (p. [351]-353) and indexes.
|
| 526 |
|
|
|a BIGD
|
| 541 |
1 |
|
|a The university press limited
|e 00007807, 41699
|
| 650 |
|
0 |
|a Agriculture
|x Research
|z Bangladesh.
|
| 650 |
|
0 |
|a Agricultural ecology
|z Bangladesh.
|
| 650 |
|
0 |
|a Soil management
|z Bangladesh.
|9 55521
|
| 852 |
4 |
|
|a Ayesha Abed Library
|j General shelf
|
| 942 |
|
|
|2 ddc
|c BK
|
| 999 |
|
|
|c 619
|d 619
|
| 952 |
|
|
|0 0
|1 0
|2 ddc
|4 0
|6 630_720549200000000_BRA_2000
|7 0
|9 569
|a BRACUL
|b BRACUL
|c GEN
|d 2009-05-12
|g 750.00
|l 0
|o 630.7205492 BRA
|p 3010007807
|r 2009-05-12
|t 1
|v 1500.00
|w 2009-05-12
|y BK
|
| 952 |
|
|
|0 0
|1 0
|2 ddc
|4 0
|6 630_720549200000000_BRA
|7 0
|9 20230
|a C3ER
|b C3ER
|c GEN
|d 2012-05-21
|e The University Press Ltd.
|g 750.00
|l 2
|m 5
|o 630.7205492 BRA
|p 3010025235
|r 2015-11-08
|s 2014-02-24
|t 2
|w 2012-05-21
|y BK
|
| 952 |
|
|
|0 0
|1 0
|2 ddc
|4 0
|6 630_720549200000000_BRA
|7 0
|9 74398
|a BIGD
|b BIGD
|c GEN
|d 2023-09-18
|e The University Press Limited(UPL)
|g 600.00
|l 0
|o 630.7205492 BRA
|p 3050041699
|r 2023-09-18
|t 3
|v 750.00
|w 2023-09-18
|y BK
|